|
|
|
|
| LEADER |
00000nam1a2200000 4500 |
| 001 |
300736 |
| 005 |
20231102001330.0 |
| 020 |
|
|
|a RU
|b 83-4
|
| 035 |
|
|
|a (RuTPU)RU\TPU\book\325889
|
| 090 |
|
|
|a 300736
|
| 100 |
|
|
|a 20150715d1982 k y0rusy5003 ca
|
| 101 |
0 |
|
|a rus
|
| 200 |
1 |
|
|a Совершенствование проектов доменных и сталеплавильных цехов
|e сборник научных трудов
|f Государственный институт по проектированию металлургических заводов (Гипромез)
|
| 210 |
|
|
|a Москва
|c Гипромез
|d 1982
|
| 215 |
|
|
|a 44 с.
|c ил.
|d 29 см
|
| 320 |
|
|
|a Библиография в конце статей
|
| 601 |
0 |
2 |
|a Карагандинский металлургический комбинат
|c (1970-1991)
|2 stltpush
|3 (RuTPU)RU\TPU\col\21298
|9 27979
|
| 606 |
1 |
|
|a Доменные цехи
|x Проектирование
|2 stltpush
|3 (RuTPU)RU\TPU\subj\9954
|9 37105
|
| 606 |
1 |
|
|a Сталеплавильные цехи
|x Проектирование
|2 stltpush
|3 (RuTPU)RU\TPU\subj\56232
|9 74146
|
| 610 |
1 |
|
|a строительство
|
| 610 |
1 |
|
|a проектные решения
|
| 610 |
1 |
|
|a Магнитогорский металлургический завод
|
| 610 |
1 |
|
|a конвертеры
|
| 610 |
1 |
|
|a простои
|
| 610 |
1 |
|
|a определение
|
| 610 |
1 |
|
|a ЭВМ
|
| 610 |
1 |
|
|a вычислительная техника
|
| 610 |
1 |
|
|a доменная плавка
|
| 610 |
1 |
|
|a технологические показатели
|
| 610 |
1 |
|
|a расчет
|
| 610 |
1 |
|
|a модернизированные доменные печи
|
| 610 |
1 |
|
|a доменные воздухонагреватели
|
| 610 |
1 |
|
|a автоматизированное проектирование
|
| 610 |
1 |
|
|a ковшовые остатки
|
| 610 |
1 |
|
|a переработка
|
| 610 |
1 |
|
|a доменные шлаки
|
| 610 |
1 |
|
|a сталеплавильные шлаки
|
| 675 |
|
|
|a 669.16.013
|z rus
|v 3
|
| 675 |
|
|
|a 669.18.013
|z rus
|v 3
|
| 712 |
0 |
2 |
|a Государственный институт по проектированию металлургических заводов (Гипромез)
|c (Москва)
|2 stltpush
|3 (RuTPU)RU\TPU\col\18342
|
| 801 |
|
0 |
|a RU
|b RuMRKP
|c 19950704
|g psbo
|
| 801 |
|
1 |
|a RU
|b 63413507
|c 20150715
|
| 801 |
|
2 |
|a RU
|b 63413507
|c 20160727
|g RCR
|
| 942 |
|
|
|c BK
|